000 00854cam a2200241 a 4500
005 20150126064326.0
008 150126s2012 ne fr 001 0 eng
020 _a9789041139108
040 _aCO-BoUCM
_cJose A. Gerena
_bspa
_dJose A. Gerena
041 0 _aeng
100 1 _aFiebig, André
_966677
245 1 0 _aCommercial and economic law in the United States
_cAndre Fiebig
260 _aAlphen aan den Rijn (Holanda)
_bWolters Kluwer
_c2012
300 _a138 páginas
504 _aIncluye referencias bibliográficas e índices
650 7 _aDerecho comercial
_912717
650 7 _aEconomía
_zEstados Unidos
_9174
650 7 _aComercio
_zEstados Unidos
_911192
650 7 _aContratos comerciales
_911829
690 _942767
_aDerecho comercial
942 _2DEWEY
_a8
_cLIBRO
_e1
_h346.7307
_mF452
999 _c297799
_d297799